00277 a2200109 4500001000700000020000600007040001100013100003500024240005200059245004700111362000900158159623 a  cMagnum aNovo Brasil Editora Brasileira10aBiblioteca de ciencia exatas e humanas/v.1lpor10aBiblioteca de ciencia exatas e humanas/v.10 a1899